| 000 | 00509nab a2200157Ia 4500 | ||
|---|---|---|---|
| 003 | ES-SlBCS | ||
| 005 | 20210601124645.0 | ||
| 008 | 140529s1985 xxu||||| |||| 00| 0 eng d | ||
| 041 | _aeng | ||
| 100 | 1 |
_aHeckert, Alex _9146540 |
|
| 245 | 0 | 0 |
_aReligious Factors in the Timing of Second Births _c Alex Heckert, Jay D. Teachman |
| 650 | 0 | 4 |
_aNacimiento _9113673 |
| 700 | 1 |
_aTeachman, Jay D. _9145556 |
|
| 773 | 0 |
_tJournal of Marriage and the Family _gvol. 47, nº. 2, 1985, págs. 361-367 _wRev1406 |
|
| 942 | _cAR | ||
| 999 |
_c517978 _d517978 |
||